| 000 | 00718nam a2200229Ia 4500 | ||
|---|---|---|---|
| 003 | GCL | ||
| 008 | 140319s9999 xx 000 0 ara d | ||
| 040 |
_aGCL / _cGCL |
||
| 082 | 0 | 4 |
_a301.31 _bم ت |
| 100 | 1 | _aمبروك سعد النجار | |
| 245 | 1 | 0 |
_aتلوث البيئة فى مصر : _bالمخاطر والحلول / _cمبروك سعد النجار |
| 260 |
_aالقاهرة : _bالهيئة المصرية العامة للكتاب ، _c1994 |
||
| 300 |
_a178 ص ؛ _c24 سم |
||
| 490 | _a | ||
| 650 | 0 | 4 | _aمصر |
| 650 | 0 | 4 | _aتلوث البيئة |
| 650 | 0 | 4 | _aالتلوث |
| 650 | 0 | 4 | _aالمياه |
| 650 | 0 | 4 | _aالهواء |
| 650 | 0 | 4 | _aالتلوث الاشعاعى |
| 942 |
_2ddc _cBK |
||
| 999 |
_c30383 _d30383 |
||